Quick Pick: Hidden Countries Quiz Stats

 Plays Quiz not verified by Sporcle

Score 0/8 Timer 01:30
0 Plays Today
% Correct
Tehran
95.5%
Havana
90.9%
Muscat
87.9%
Beijing
81.8%
Lima
80.3%
N'Djamena
75.8%
Bamako
75.8%
Libreville
72.7%

You're not logged in!

Compare scores with friends on all Sporcle quizzes.
OR
Log In

You Might Also Like...

Show Comments

Extras

Top Quizzes Today


Score Distribution

Your Account Isn't Verified!

In order to create a playlist on Sporcle, you need to verify the email address you used during registration. Go to your Sporcle Settings to finish the process.

Report this User

Report this user for behavior that violates our Community Guidelines.

Details: